000 00437 a2200157 4500
003 OSt
005 20231108122627.0
008 231108b |||||||| |||| 00| 0 eng d
040 _coclc
082 _a297
_bSAG/R
100 _aSagar, Shareef
_99834
245 _aI S Rakthadaahikalude matham /
_cShareef Sagar
260 _aKerala:
_bYuvatha,
_c2017.
300 _a175p
942 _2ddc
_cBK
_h297
_iSAG/R
_k297
_mSAG/R
999 _c42957
_d42957